[Event "Challenge"]
[Site "http://www.queenalice.com/game.php?id=789303"]
[Date "2010.6.13"]
[Round "-"]
[White "ramzes"]
[Black "Balrog"]
[Result "1-0"]
[WhiteElo "1492"]
[BlackElo "1908"]

1. d4 d5 2. c4 Nf6 3. c5 Bf5 4. Nc3 Nc6 5. a3 e5 6. dxe5 Nxe5 7. b4 Be7 8. g3
O-O 9. Bg2 c6 10. Qd4 Nc4 11. Nf3 Ne4 12. Nxe4 Bxe4 13. Qd1 Bf6 14. Ra2 Bc3+ 15.
Kf1 f5 16. Nd2 Bxg2+ 17. Kxg2 Bxd2 18. Bxd2 Qe7 19. Bf4 Qe4+ 20. f3 Qe6 21. h4
Rae8 22. Qd3 h5 23. a4 a6 24. Re1 Rf6 25. Qd4 Rg6 26. e3 Qe7 27. Kh3 Re6 28.
Rae2 Ne5 29. e4 Nxf3 30. Qd1 Nxe1 31. Qxe1 fxe4 32. Re3 Rf6 33. Qe2 Qd7+ 34. Kg2
g6 35. Bg5 Rf5 36. Qb2 Ref8 37. Bf4 R8f7 38. Qc3 g5 39. hxg5 h4 40. Re2 h3+ 41.
Kh2 Qe6 42. Re3 Rh7 43. Qd2 Kg7 44. Qb2+ Kg6 45. Qd2 Rd7 46. Qd4 Rd8 47. Re2 Ra8
48. a5 Qd7 49. Rf2 b6 50. cxb6 Raf8 51. Rf1 R8f7 52. Rf2 Qe7 53. Qe3 Qxb4 54.
Ra2 Qb5 55. Qf2 c5 56. Rb2 Qc6 57. b7 Rxb7 58. Rxb7 Qxb7 59. Qxc5 Rf7 60. Qd6+
Kg7 61. Be5+ Kg8 62. g6 Rf2+ 63. Kxh3 Qc8+ 64. Kh4 Rh2+ 65. Kg5 e3 66. Qxd5+ Kf8
67. Qf7# 1-0

[Event "Challenge"]
[Site "http://www.queenalice.com/game.php?id=794685"]
[Date "2010.6.25"]
[Round "-"]
[White "Petrucio"]
[Black "ramzes"]
[Result "0-1"]
[WhiteElo "1483"]
[BlackElo "1476"]

1. Nc3 e5 2. e4 Nf6 3. Bc4 Bb4 4. Nb5 a6 5. Nc3 d6 6. Nd5 Nxd5 7. exd5 Qg5 8. c3
Qxg2 9. Qf3 Qxf3 10. Nxf3 b5 11. Bd3 Bc5 12. b4 Bb6 13. a4 bxa4 14. Rxa4 Bb7 15.
b5 axb5 16. Bxb5+ c6 17. dxc6 Nxc6 18. Rg4 O-O 19. Ke2 Ne7 20. Bd3 f5 21. Rb4
Nd5 22. Rb5 Nf4+ 23. Kd1 Bxf3+ 24. Ke1 Nxd3+ 25. Kf1 Ra1 26. Rg1 Rxc1# 0-1

[Event "Challenge"]
[Site "http://www.queenalice.com/game.php?id=811711"]
[Date "2010.8.1"]
[Round "-"]
[White "Balrog"]
[Black "ramzes"]
[Result "1-0"]
[WhiteElo "1881"]
[BlackElo "1503"]

1. e4 d5 2. exd5 Qxd5 3. Nc3 Qd8 4. d4 g6 5. Bc4 Qd6 6. Qf3 Nf6 7. Bf4 Qb4 8.
Bb3 c6 9. O-O-O Bg7 10. h3 a5 11. a3 Qb6 12. Ne4 O-O 13. Ne2 Bf5 14. N4c3 Na6
15. Rhe1 c5 16. d5 Nd7 17. d6 Ne5 18. Qe3 exd6 19. Bd5 Rae8 20. Qd2 Qc7 21. g4
Be6 22. Ng3 Bxd5 23. Qxd5 Re6 24. f3 Qe7 25. g5 Nd3+ 26. Rxd3 Rxe1+ 27. Kd2 Rb1
28. Nxb1 Re8 29. Re3 Qd7 30. Rxe8+ Qxe8 31. Nc3 Bd4 32. Nge4 Nc7 33. Qxd6 Ne6
34. Nf6+ Bxf6 35. gxf6 Nxf4 36. Qxf4 Qe2+ 37. Nxe2 b5 38. Qb8# 1-0

[Event "Challenge"]
[Site "http://www.queenalice.com/game.php?id=815221"]
[Date "2010.8.8"]
[Round "-"]
[White "Balrog"]
[Black "ramzes"]
[Result "0-1"]
[WhiteElo "1883"]
[BlackElo "1501"]

1. e4 e5 2. Nf3 Nc6 3. Bc4 Bc5 4. d3 h6 5. Nc3 Nf6 6. h3 d6 7. Nd5 a6 8. a3 b5
9. Nxf6+ Qxf6 10. O-O bxc4 11. Nh2 Qg6 12. g4 h5 13. Kg2 hxg4 14. hxg4 Rh4 15.
c3 Bxg4 16. Nxg4 Rxg4+ 17. Kf3 Qh5 18. Ke2 Rxe4+ 19. Kd2 Qxd1+ 20. Rxd1 cxd3 21.
Kxd3 Rg4 22. f3 Rg3 23. Ke2 O-O-O 24. b4 Ba7 25. a4 Ne7 26. b5 a5 27. Rb1 Bb6
28. Rb3 Rg2+ 29. Kd3 f5 30. Rh1 Nd5 31. Rb2 Rxb2 32. Bxb2 Rg8 33. Rh5 Nf4+ 0-1

[Event "Pipi Lanksztrum"]
[Site "http://www.queenalice.com/game.php?id=816928"]
[Date "2010.8.12"]
[Round "-"]
[White "Eliasz"]
[Black "ramzes"]
[Result "1-0"]
[WhiteElo "1760"]
[BlackElo "1531"]

1. e4 e5 2. Nf3 Nc6 3. Bc4 h6 4. O-O Bc5 5. c3 Nf6 6. d4 exd4 7. cxd4 d5 8. exd5
Nxd4 9. Nxd4 O-O 10. Nc3 a6 11. Nb3 Qd6 12. Nxc5 Qxc5 13. Bb3 Rd8 14. Be3 Qd6
15. Qe2 Ng4 16. g3 Re8 17. Qf3 Re5 18. Bf4 Qf6 19. Ne4 Qf5 20. Nd2 Qh5 21. Qg2
b6 22. Bxe5 Nxe5 23. Rfe1 Bg4 24. Re3 Qf5 25. Rae1 Re8 26. f4 Bf3 27. Nxf3 Nxf3+
28. Qxf3 Rxe3 29. Qxe3 1-0

[Event "Challenge"]
[Site "http://www.queenalice.com/game.php?id=817930"]
[Date "2010.8.13"]
[Round "-"]
[White "ramzes"]
[Black "Balrog"]
[Result "0-1"]
[WhiteElo "1542"]
[BlackElo "1853"]

1. d4 f5 2. Nh3 e6 3. e3 Nf6 4. c4 Be7 5. Nc3 O-O 6. f3 c6 7. Bd3 Nh5 8. f4 Qe8
9. g4 Bh4+ 10. Kd2 Nf6 11. gxf5 exf5 12. Bxf5 d5 13. Bxc8 Qxc8 14. Qf1 Qf5 15.
c5 Na6 16. a3 Nc7 17. b4 Rae8 18. Nf2 Nb5 19. Ncd1 Ne4+ 20. Nxe4 Qxe4 21. Rg1
Rf6 22. Qd3 Qe6 23. Kc2 Qh3 24. Bd2 Rf7 25. Nc3 Nxc3 26. Kxc3 Bf2 27. Qf1 Qxf1
28. Rgxf1 Bxe3 29. Rad1 Bxd2+ 30. Rxd2 Re4 31. f5 Re3+ 32. Rd3 Re2 33. h4 g6 34.
Rg3 Rh2 35. Rf4 Kg7 36. Kb3 Kh6 37. fxg6 Rg7 38. Ka4 hxg6 39. Rgg4 Rh3 40. Rg2
b6 41. cxb6 axb6 42. b5 c5 43. dxc5 bxc5 44. b6 Re3 45. Rf8 c4 46. Rb8 Rb3 47.
Rg5 Rd7 48. Re5 Rd6 49. Re7 Kh5 50. Re4 dxe4 0-1

[Event "Challenge"]
[Site "http://www.queenalice.com/game.php?id=818405"]
[Date "2010.8.15"]
[Round "-"]
[White "ramzes"]
[Black "Eliasz"]
[Result "0-1"]
[WhiteElo "1538"]
[BlackElo "1924"]

1. d4 Nf6 2. b3 d5 3. Bb2 c6 4. e3 Bf5 5. Nf3 Nbd7 6. Nh4 Bg4 7. Be2 Bxe2 8.
Qxe2 e6 9. Nf3 Bd6 10. h4 a6 11. c3 c5 12. dxc5 Nxc5 13. Nbd2 Nce4 14. Nxe4 Nxe4
15. Rd1 Rc8 16. Qd3 Qa5 17. Ra1 Nxc3 18. O-O O-O 19. g3 Ne4 20. Ng5 Nxg5 21.
hxg5 Ba3 22. Bd4 Bc5 23. Bb2 Be7 24. f4 Rc6 25. Kg2 Rfc8 26. Bxg7 Kxg7 27. Rh1
Rc2+ 28. Kf3 Kf8 29. Rad1 Qxa2 30. Qxh7 Rf2+ 31. Kg4 Qe2+ 32. Kh4 Rh2+ 0-1

[Event "Ramadan 2010"]
[Site "http://www.queenalice.com/game.php?id=828196"]
[Date "2010.9.5"]
[Round "-"]
[White "ramzes"]
[Black "Balrog"]
[Result "0-1"]
[WhiteElo "1536"]
[BlackElo "1873"]

1. e4 e5 2. Bc4 Nc6 3. Qh5 g6 4. Qf3 Nf6 5. d3 Nd4 6. Qg3 Nxc2+ 7. Kd1 Nxa1 8.
Qxe5+ Qe7 9. Qxe7+ Bxe7 10. f3 a5 11. Nh3 h6 12. Nc3 c6 13. Be3 b5 14. Bxb5 cxb5
15. Nxb5 Rb8 16. Kd2 Rxb5 0-1

[Event "Challenge"]
[Site "http://www.queenalice.com/game.php?id=831972"]
[Date "2010.9.12"]
[Round "-"]
[White "dontar"]
[Black "ramzes"]
[Result "0-1"]
[WhiteElo "1693"]
[BlackElo "1531"]

1. d4 d5 2. Nf3 Bf5 3. Bg5 Nc6 4. e3 h6 5. Bf4 Nb4 6. Bb5+ c6 7. Bd3 Nxd3+ 8.
cxd3 e6 9. Qe2 Bb4+ 10. Nc3 Bd6 11. Be5 Bxe5 12. Nxe5 Nf6 13. h3 Qd6 14. O-O g5
15. g4 Bh7 16. Qf3 Ke7 17. Qe2 Bg8 18. a3 h5 19. f3 hxg4 20. fxg4 Rxh3 21. Kg2
Rh4 22. Rh1 Rxh1 23. Rxh1 Nd7 24. Nxd7 Kxd7 25. Qf3 Rf8 26. Qf6 Qe7 27. Qe5 f6
28. Qg3 b5 29. b4 a5 30. Na2 a4 31. Nc3 f5 32. Nd1 f4 33. exf4 Rxf4 34. Nf2 Rf7
35. Qe5 Qf6 36. Rf1 Qxe5 37. dxe5 Bh7 38. d4 Bc2 39. Rh1 Rf4 40. Rc1 Be4+ 41.
Kg3 Rf3+ 0-1

[Event "Challenge"]
[Site "http://www.queenalice.com/game.php?id=833775"]
[Date "2010.9.16"]
[Round "-"]
[White "Balrog"]
[Black "ramzes"]
[Result "1-0"]
[WhiteElo "1893"]
[BlackElo "1533"]

1. e4 e5 2. Nf3 Nc6 3. Bc4 Bc5 4. O-O d6 5. Nc3 Bd7 6. d3 h5 7. Ng5 Be6 8. Bxe6
fxe6 9. Nxe6 Qe7 10. Ng5 Nf6 11. a3 a6 12. Nd5 Nxd5 13. exd5 Nd4 14. c4 O-O-O
15. Ne4 Rdf8 16. Kh1 Rf7 17. f3 Bb6 18. b4 Nf5 19. Bg5 Qd7 20. c5 dxc5 21. bxc5
Ba7 22. Qb3 Nd4 23. Qc4 h4 24. h3 Qb5 25. c6 Qxc4 26. dxc4 bxc6 27. d6 Nf5 28.
Rfd1 Bd4 29. Rab1 cxd6 30. Rb3 Rb7 31. Rxb7 Kxb7 32. f4 a5 33. a4 Kc7 34. fxe5
Bxe5 35. Kg1 Rb8 36. Bd2 Bd4+ 37. Kf1 Bb6 38. Ke2 Nd4+ 39. Kd3 Re8 40. Rf1 Re7
41. Bg5 Rxe4 42. Kxe4 1-0

[Event "Challenge"]
[Site "http://www.queenalice.com/game.php?id=840146"]
[Date "2010.9.30"]
[Round "-"]
[White "ramzes"]
[Black "Balrog"]
[Result "1-0"]
[WhiteElo "1553"]
[BlackElo "1910"]

1. e4 e5 2. g3 Bc5 3. Bg2 Nf6 4. c3 Nc6 5. Nf3 d6 6. d4 Bb6 7. Qd3 O-O 8. O-O
Nxe4 9. Qxe4 exd4 10. Ng5 f5 11. Qh4 h6 12. Bd5+ Kh8 13. Bxc6 Qf6 14. Bb5 c6 15.
Bd3 d5 16. Nf3 dxc3 17. Qxf6 Rxf6 18. bxc3 Bc7 19. Bb2 Rg6 20. Nbd2 Bd7 21. Nh4
Rg5 22. c4 dxc4 23. Bxc4 b5 24. Be2 c5 25. Ndf3 f4 26. Nxg5 hxg5 27. Ng6+ Kh7
28. Nf8+ Rxf8 29. g4 f3 30. Bd3+ Kg8 31. h3 Bc6 32. Rfe1 Kf7 33. Be5 Bb6 34. Be4
Bxe4 35. Rxe4 Kg6 36. Rb1 a6 37. a4 Rd8 38. axb5 a5 39. Rb3 Rd1+ 40. Kh2 c4 41.
Rxf3 Rb1 42. Rxc4 Rxb5 43. Rf5 Rc5 44. Rxc5 Bxc5 45. Bc7 Bb4 46. Bxa5 Be7 47.
Bd2 Bd6+ 48. Kg2 Be7 49. f4 gxf4 50. Bxf4 Bf6 51. Kf3 Bh4 52. Ke4 Bf6 53. Rxf6+
gxf6 54. h4 Kg7 55. Kf5 Kf7 56. h5 Ke7 57. Kg6 Ke6 58. h6 f5 59. gxf5+ Ke7 60.
h7 Kd7 61. h8=Q Kc6 62. Qd4 Kb5 63. Kf6 Kc6 64. Ke6 1-0

[Event "0:1:0"]
[Site "http://www.queenalice.com/game.php?id=849920"]
[Date "2010.10.23"]
[Round "-"]
[White "dontar"]
[Black "ramzes"]
[Result "0-1"]
[WhiteElo "1660"]
[BlackElo "1600"]

1. e4 e5 2. Nf3 Nc6 3. d4 exd4 4. Bd3 d6 5. h3 h6 6. Bb5 Bd7 7. Nxd4 Nxd4 8.
Bxd7+ Qxd7 9. Qxd4 Nf6 10. Nc3 c6 11. Be3 Qe6 12. O-O-O Be7 13. Rhe1 O-O 14. g4
Nd7 15. f4 a5 16. Qd3 b5 17. b3 Nc5 18. Bxc5 dxc5 19. Qd7 Qxd7 20. Rxd7 Bh4 21.
Red1 a4 22. bxa4 b4 23. Nb1 Rxa4 24. Rc7 Rxa2 25. Rxc6 Bf2 26. Rd3 Bd4 27. Rb3
g6 28. f5 gxf5 29. exf5 Kg7 30. g5 hxg5 31. Nd2 Ra1+ 32. Rb1 Rxb1+ 33. Kxb1 Rh8
34. Nf3 Be3 35. Ne5 Rxh3 36. Nc4 Bd4 37. Rd6 g4 38. Rd5 g3 0-1

[Event "Challenge"]
[Site "http://www.queenalice.com/game.php?id=854714"]
[Date "2010.11.4"]
[Round "-"]
[White "Balrog"]
[Black "ramzes"]
[Result "0-1"]
[WhiteElo "1892"]
[BlackElo "1583"]

1. e4 e5 2. Bc4 Nf6 3. d3 Bc5 4. Bg5 h6 5. Bxf6 Qxf6 6. Nf3 Nc6 7. O-O a6 8. a3
d6 9. Nc3 b5 10. Nd5 Qd8 11. Ba2 Nd4 12. Nxd4 Bxd4 13. c3 Ba7 14. d4 Qg5 15.
Nxc7+ Kd7 16. Nxa8 Bb7 17. Qf3 f5 18. Qxf5+ Qxf5 19. exf5 Bxa8 20. dxe5 dxe5 21.
Rad1+ Ke7 22. Be6 Bc6 23. Rfe1 Bb8 24. g4 Rf8 25. h4 g6 26. f4 gxf5 27. Bxf5 h5
28. fxe5 hxg4 29. Bg6 Rf3 30. Rd3 Ba7+ 31. Kh2 g3+ 32. Kh3 g2+ 33. Kh2 Rf1 34.
Rg3 Rh1+ 35. Rxh1 gxh1=Q# 0-1

[Event " Hævnen er sød"]
[Site "http://www.queenalice.com/game.php?id=860292"]
[Date "2010.11.18"]
[Round "-"]
[White "ramzes"]
[Black "Balrog"]
[Result "0-1"]
[WhiteElo "1611"]
[BlackElo "1864"]

1. e4 e5 2. Nf3 Nc6 3. Bc4 Nd4 4. Nxe5 Qg5 5. Nxf7 Qxg2 6. d3 Qxh1+ 7. Kd2 Qxh2
8. Nxh8 Nh6 9. b3 b6 10. Nc3 Bb4 11. Bb2 Qf4+ 12. Ke1 Ng4 0-1

[Event "Challenge"]
[Site "http://www.queenalice.com/game.php?id=861963"]
[Date "2010.11.21"]
[Round "-"]
[White "Balrog"]
[Black "ramzes"]
[Result "1-0"]
[WhiteElo "1870"]
[BlackElo "1605"]

1. e4 e5 2. Nf3 Nc6 3. Bc4 g6 4. O-O Bg7 5. Nc3 Nh6 6. d4 Na5 7. Nxe5 Nxc4 8.
Bxh6 Bxh6 9. Nxc4 O-O 10. Nd5 Bg7 11. f4 c6 12. Nde3 d5 13. exd5 cxd5 14. Ne5 f6
15. Nd3 b6 16. c3 Ba6 17. Re1 Qd6 18. g3 Bb7 19. f5 Bh6 20. Ng4 Bg5 21. Qf3 h5
22. Ngf2 Qc7 23. fxg6 Qg7 24. Qxh5 Qh6 25. g4 Kg7 26. Re7+ Kg8 27. Rxb7 Qxg6 28.
Qxg6+ Kh8 29. Rh7# 1-0

[Event "Challenge"]
[Site "http://www.queenalice.com/game.php?id=863108"]
[Date "2010.11.24"]
[Round "-"]
[White "ramzes"]
[Black "PRZ"]
[Result "1-0"]
[WhiteElo "1601"]
[BlackElo "1435"]

1. e4 Nc6 2. Bc4 e5 3. Nf3 Nf6 4. d3 Bc5 5. Ng5 d5 6. exd5 Nd4 7. c3 Nf5 8. Qe2
Nxd5 9. Qxe5+ Nfe7 10. Qxg7 Rg8 11. Qxf7+ Kd7 12. Ne6 Qe8 13. Nxc5+ Kd6 14. Ne4+
Kd7 15. Qxe8+ Rxe8 16. Bxd5 Nxd5 17. c4 Ne7 18. Nf6+ Kd8 19. Nxe8 Kxe8 20. Nc3
Bf5 21. Nb5 Kd8 22. d4 c6 23. Nd6 Kd7 24. Nxf5 Nxf5 25. Bd2 Re8+ 26. Kd1 Nxd4
27. Be3 Nf5 28. Re1 b5 29. cxb5 cxb5 30. b4 Rg8 31. g3 h5 32. Bxa7 Rd8 33. Re2
Kc6+ 34. Ke1 h4 35. Rc1+ Kb7 36. Bc5 hxg3 37. fxg3 Nh6 38. Ra1 Ng4 39. a4 Kc6
40. a5 Kd5 41. Rd2+ 1-0

[Event "Challenge"]
[Site "http://www.queenalice.com/game.php?id=865147"]
[Date "2010.11.28"]
[Round "-"]
[White "ramzes"]
[Black "vautrien"]
[Result "0-1"]
[WhiteElo "1618"]
[BlackElo "1588"]

1. d4 d5 2. c4 e6 3. c5 c6 4. Nf3 b6 5. b4 a5 6. Bd2 axb4 7. Bxb4 bxc5 8. dxc5
Bd7 9. a4 Na6 10. Qc2 Nxb4 11. Qb3 Bxc5 12. e3 Qa5 13. Nbd2 Rb8 14. Qc3 Qa7 15.
Be2 Nf6 16. Ne5 Na6 17. f3 Bxe3 18. Bxa6 Bxd2+ 19. Qxd2 Qxa6 20. Rf1 O-O 21. h4
c5 22. g4 Rfd8 23. h5 Be8 24. Rh1 Nd7 25. Qh2 Qa5+ 0-1

[Event "Challenge"]
[Site "http://www.queenalice.com/game.php?id=867925"]
[Date "2010.12.5"]
[Round "-"]
[White "Balrog"]
[Black "ramzes"]
[Result "0-1"]
[WhiteElo "1923"]
[BlackElo "1610"]

1. e4 e5 2. Bc4 d6 3. Nf3 h6 4. O-O Nf6 5. Nc3 g5 6. d4 exd4 7. Nxd4 Bd7 8. f4
g4 9. f5 Nc6 10. Nxc6 Bxc6 11. Qd4 Qe7 12. Bf4 Bg7 13. Qd3 O-O-O 14. Rfe1 h5 15.
Nd5 Bxd5 16. exd5 Qd7 17. Bb5 c6 18. dxc6 bxc6 19. Ba4 Qb7 20. Bg5 h4 21. Qc4 c5
22. Bxf6 h3 23. Qxg4 Bxf6 24. Qe2 hxg2 25. c3 Be5 26. Qe4 Qxe4 27. Rxe4 Rxh2 28.
Rxe5 Rh1+ 29. Kxg2 Rxa1 30. Re7 Rxa2 31. Bc6 Rxb2+ 32. Kf3 Rb6 33. Bd5 Rd7 34.
Re4 Kd8 35. f6 a5 36. Rg4 Kc7 37. Ra4 Ra6 38. Kf4 Kb6 39. c4 Raa7 40. Kg5 Rd8
41. Kh6 Rg8 42. Be4 Rg4 43. Bc2 Rg1 44. Bf5 Ra8 45. Kh7 Rag8 46. Ra3 R8g2 47.
Rh3 a4 48. Bd7 Ka5 49. Be8 Rg6 50. Bxf7 Rxf6 51. Bd5 Rf8 52. Rd3 Rd8 53. Re3
Rd7+ 54. Kh8 Ra7 55. Re2 a3 56. Rd2 Ra6 57. Bf3 Rb6 58. Ra2 Rb3 59. Be4 Kb4 60.
Rf2 Rb2 61. Rxb2+ axb2 62. Kh7 Kxc4 63. Kh6 Rc1 64. Kg5 Kc3 65. Kf4 Rc2 66. Bf3
b1=Q 67. Ke4 Rf2+ 68. Ke3 Rxf3+ 69. Kxf3 Qd3+ 70. Kf2 Kd2 71. Kg2 Ke2 72. Kg1
Qe4 73. Kh2 Kf2 74. Kh3 Qg6 75. Kh4 Kf3 76. Kh3 Qg3# 0-1

[Event "Julespil 2010"]
[Site "http://www.queenalice.com/game.php?id=876044"]
[Date "2010.12.24"]
[Round "-"]
[White "ramzes"]
[Black "Balrog"]
[Result "1-0"]
[WhiteElo "1639"]
[BlackElo "1917"]

1. e4 e5 2. Bc4 Nf6 3. Nf3 Nc6 4. d3 h6 5. a3 Be7 6. b4 a6 7. Bb2 d6 8. h3 Na7
9. Bb3 b5 10. d4 exd4 11. Bxd4 O-O 12. e5 dxe5 13. Nxe5 Be6 14. c3 Qd6 15. Bc2
Nc8 16. Qd3 Nb6 17. Nd2 Nbd5 18. Ng4 Rfe8 19. Ne5 Rad8 20. O-O-O c6 21. Ne4 Qc7
22. g4 Nf4 23. Nxf6+ Bxf6 24. Qh7+ Kf8 25. Bc5+ Rd6 26. Bxd6+ Qxd6 27. Rxd6 Bxe5
28. Rxc6 Ne2+ 29. Kb2 Nf4 30. Rxa6 Nd5 31. Rc6 Ke7 32. Qd3 Nc7 33. Rf1 f6 34. f4
Bc4 35. Rxc4 bxc4 36. Qxc4 Bd6 37. Re1+ Kd8 38. Rxe8+ Kxe8 39. Qg8+ Bf8 40. Bg6+
Ke7 41. Qf7+ Kd6 42. Qxf8+ Kc6 43. Qxg7 h5 44. Qxf6+ Kd7 45. gxh5 Nd5 46. Bf5+
Kc7 47. Qf7+ Kc6 48. Qxd5+ Kc7 49. Qe6 Kb7 50. h6 Kc7 51. h7 Kb7 52. h8=R Kc7
53. Rh7+ Kb8 54. Qe8# 1-0

[Event "Januarskræk_2011"]
[Site "http://www.queenalice.com/game.php?id=883347"]
[Date "2011.1.9"]
[Round "-"]
[White "Balrog"]
[Black "ramzes"]
[Result "1-0"]
[WhiteElo "1915"]
[BlackElo "1666"]

1. e4 e5 2. Nf3 Nc6 3. Bc4 h6 4. c3 d6 5. h3 Na5 6. Bb3 Nxb3 7. Qxb3 b6 8. O-O
Bb7 9. Re1 Qd7 10. d4 exd4 11. Nxd4 Ne7 12. Bf4 O-O-O 13. Nd2 g5 14. Bh2 a6 15.
a4 c5 16. Ne2 f5 17. Nc4 Qc6 18. f3 fxe4 19. Nxb6+ Kc7 20. Nc4 exf3 21. Rf1 fxe2
22. Rf2 h5 23. Re1 g4 24. hxg4 hxg4 25. Rexe2 Rg8 26. Bg3 Rg7 27. Ne3 Nd5 28.
Nc2 Be7 29. c4 Nb6 30. a5 Nc8 31. Ne1 Rh8 32. Rf5 Bh4 33. Qe3 Bxg3 34. Qxg3 Ne7
35. Rf6 Qd7 36. Nd3 Kc8 37. Ref2 Qa4 38. Qxd6 Rgg8 39. Nxc5 Qc6 40. Qxe7 Qc7 41.
Rf8+ Rxf8 42. Rxf8+ Rxf8 43. Qxf8+ Qd8 44. Qxd8+ Kxd8 45. Nxb7+ 1-0

[Event "Challenge"]
[Site "http://www.queenalice.com/game.php?id=886773"]
[Date "2011.1.15"]
[Round "-"]
[White "ramzes"]
[Black "Balrog"]
[Result "1/2-1/2"]
[WhiteElo "1660"]
[BlackElo "1898"]

1. e4 e5 2. g3 d5 3. exd5 Qxd5 4. f3 Bc5 5. b3 Qd4 6. Qe2 Qxa1 7. Nc3 Qxc1+ 8.
Qd1 Qxd1+ 9. Nxd1 Nf6 10. h4 c6 11. Ne2 Nd5 12. g4 h6 13. Bg2 O-O 14. h5 Nf4 15.
Nxf4 exf4 16. Nf2 Re8+ 17. Ne4 Be7 18. Kd1 Nd7 19. c3 Ba3 20. g5 Nc5 21. gxh6
Nxe4 22. fxe4 Bg4+ 23. Kc2 Rad8 24. hxg7 Kxg7 25. d4 a5 26. h6+ Kh8 27. e5 Bf5+
28. Kd2 Rxe5 29. Rh5 Kh7 30. Bh3 Kg6 31. Bg4 c5 32. h7 Bxg4 33. Rxe5 Kxh7 34.
Re7 Rd7 35. Re4 f5 36. Rxf4 cxd4 37. Rxd4 Rxd4+ 38. cxd4 Kg6 39. d5 Kg5 40. Ke3
Bc5+ 41. Kd3 b5 42. a3 Bf3 43. a4 Bxd5 44. axb5 Bxb3 45. Kc3 Ba4 46. Kc4 Bg1 47.
b6 Bxb6 48. Kc3 Bb5 49. Kb3 f4 50. Kc2 f3 51. Kd2 f2 52. Kc2 f1=N 53. Kd1 Bd3
54. Ke1 Be3 55. Kd1 Bd2 1/2-1/2

[Event "Challenge"]
[Site "http://www.queenalice.com/game.php?id=903256"]
[Date "2011.2.20"]
[Round "-"]
[White "ORNELAS"]
[Black "ramzes"]
[Result "0-1"]
[WhiteElo "1617"]
[BlackElo "1670"]

1. e4 e5 2. Bc4 Nf6 3. d3 c6 4. Nf3 d5 5. exd5 cxd5 6. Bb5+ Bd7 7. Bxd7+ Nbxd7
8. Bg5 h6 9. Bh4 Qb6 10. b3 Be7 11. O-O Qc7 12. c3 Bd6 13. c4 e4 14. Nd4 Bxh2+
15. Kh1 Be5 16. dxe4 Nxe4 17. Nf5 Bxa1 18. Qxd5 Qc6 19. Qd3 g5 20. Bg3 h5 21.
Nd4 Bxd4 22. Nd2 Nxd2 23. Qxd2 h4 24. Bh2 Bf6 25. Re1+ Kd8 26. Re3 g4 27. Kg1
Bg5 28. Qd4 Qf6 29. Qxf6+ Bxf6 30. Bd6 Re8 31. Rxe8+ Kxe8 32. b4 Be5 33. Bxe5
Nxe5 34. c5 Rd8 35. Kf1 h3 36. gxh3 gxh3 37. f4 Nf3 38. Kf2 h2 39. Kxf3 h1=Q+
40. Kg4 Ke7 41. f5 Rd4+ 42. Kg5 Qg2+ 43. Kh5 Rd1 44. f6+ Kxf6 0-1